| 000 | 00806cam a2200193 a 4500 | ||
|---|---|---|---|
| 999 |
_c7332 _d7332 |
||
| 020 | _a0838976778 (alk. paper) | ||
| 020 | _a9780838976777 | ||
| 050 | 0 | 0 |
_aZ674.82.I59 _b.In8 |
| 100 | _aEngle, Mary | ||
| 245 | 0 | 0 |
_aInternet connections : _ba librarian's guide to dial-up access and use / _cMary E. Engle ... [et al.]. |
| 260 |
_aChicago : _bAmerican Library Association, _c1993. |
||
| 300 |
_ax, 166 p. : _bill. ; _c26 cm. |
||
| 440 | 0 | _aLITA monographs ; | |
| 500 | _aIncludes index | ||
| 505 | _aAbout the Internet -- How to get dial-up access -- Internet service providers offering dial-up access -- Networking tools and software applications -- Directories of resources on the Internet -- Internet organizations. | ||
| 650 | 0 | _aInternet | |
| 650 | 0 | _aLibrary information networks | |
| 942 | _cBK | ||